000 00566nam a2200181Ia 4500
008 151018s9999 xx 000 0 und d
082 _bRBASDV25047
_a891.463
100 _aसुहास शिरवळकर
245 _aसमांतर
250 _b1
260 _bशब्दसन्मान प्रकाशन पुणे
_c1989
300 _a196
600 _aसुहास शिरवळकर
630 _aसमांतर
700 _aसुहास शिरवळकर
730 _aसमांतर
942 _cBOOK
999 _c1024672
_d1024669